Compreender as doenças do coração (Registo nº 1096)

Detalhes MARC
000 -Etiqueta do registo
Cabeçalho 00945nam a2200313 i 4500
005 - Identificador da versão
Campo de controlo 20240813121825.0
010 ## - Número internacional normalizado dos livros (ISBN)
Número (ISBN) 9789720351067
Número (ISBN) 972-0-35106-3
021 ## - Número do Depósito Legal
Código do país PT
Número 246498/06
100 ## - Dados gerais de processamento
Dados gerais de processamento 20081013e20072006m y0pory5003 ba
102 ## - Pais de publicação ou produção
País de publicação Portugal
101 1# - Língua de publicação
Língua do texto, banda sonora, etc. Português
Língua do documento no original Inglês
106 ## - Campo de dados codificados: material textual
Dados codificados do material textual r
105 ## - Campo de dados codificados: livros
Dados codificados dos livros a z 001yy
215 ## - Descrição física 
Indicação específica da natureza do documento e extensão da espécie 80 p. a 2 colns
Outras indicações físicas il.
Dimensões 19 cm
200 1# - Titulo e menção de responsabilidade
Título próprio Compreender as doenças do coração
Primeira menção de responsabilidade Chris Davidson
Outras menções de responsabilidade adapt. Joana Seixas
-- rev. cient. João Lopes Gomes... [et al.]
225 2# - Colecção 
Título próprio da colecção Guia de saúde
205 ## - Menção da edição
Menção da edição [1a ed.
Outras menções de edição 1a reimp.]
210 ## - Publicação, Distribuição, etc. 
Lugar da edição, distribuição, etc. Porto
Nome do editor, distribuidor, etc. Porto Editora
Data da publicação, distribuição, etc. 2007
304 ## - Notas relativas a título e menção de responsabilidade 
Texto da nota Tít. orig.: Understanding coronary heart disease
675 ## - Classificação Decimal Universal (CDU)
Notação 616.12(035)
Edição BN
Língua da edição por
702 #1 - Nome de autor-pessoa física (responsabilidade secundária)
Número de registo de entrada de autoridade 0001466
Palavra de ordem Seixas
Outra parte do nome não tomada para palavra de ordem Joana
Código de função Adaptador
Número de registo de entrada de autoridade 0001484
Palavra de ordem Gomes
Outra parte do nome não tomada para palavra de ordem João José Lopes
Código de função Revisor
700 #1 - Nome de autor-pessoa física (responsabilidade principal)
Número de registo de entrada de autoridade 0001483
Palavra de ordem Davidson
Outra parte do nome não tomada para palavra de ordem Chris
942 ## - Elementos de entrada adicionados (Koha)
Tipo de item no Koha Livro
Exemplares
Situação do levantamento Origin of item (home branch) (coded) Biblioteca de empréstimo Código de barras Cota Circulation type (not for loan) Tipo de documento Nota do exemplar Damaged status
  Biblioteca Escolar Eng. Nuno Mergulhão Biblioteca Escolar Eng. Nuno Mergulhão BENM1984 616 DAV   Livro Sem mensagem